Loading...
| Philosophy | 5 | 2 | 0 | 1 | 95 | 15 | 67.86 | 4 | 7 | 34.56 | 61.67 |
| Visual Arts | 3 | 1 | 0 | 1 | 55 | 49 | 69.50 | 0 | 4 | 21.29 | 32.78 |
| Literature - American | 1 | 3 | 0 | 0 | 45 | 56 | 87.75 | 0 | 3 | 17.06 | 23.33 |
| Literature - World | 1 | 3 | 0 | 0 | 45 | 64 | 94.00 | 0 | 2 | 15.11 | 24.44 |
| Social Science | 0 | 4 | 0 | 1 | 40 | 76 | 93.50 | 2 | 3 | 5.54 | 17.33 |
| Fine Arts - Other Arts | 0 | 4 | 1 | 0 | 35 | 86 | 111.00 | 0 | 2 | 7.24 | 20.56 |
| History - American | 1 | 2 | 1 | 0 | 30 | 26 | 61.67 | 1 | 2 | 17.76 | 24.44 |
| Science - Other | 1 | 1 | 0 | 1 | 25 | 56 | 84.50 | 0 | 2 | 6.55 | 17.78 |
| Literature - European | 1 | 1 | 1 | 0 | 20 | 47 | 70.50 | 1 | 2 | 10.36 | 15.56 |
| History - World | 1 | 1 | 1 | 0 | 20 | 26 | 46.50 | 0 | 2 | 13.62 | 17.22 |
| Literature - British | 1 | 1 | 1 | 0 | 20 | 55 | 73.00 | 0 | 2 | 9.88 | 6.67 |
| Geography | 0 | 1 | 0 | 0 | 10 | 70 | 70.00 | 1 | 1 | 13.56 | 25.00 |
| Beliefs | 0 | 2 | 2 | 1 | 10 | 121 | 121.50 | 0 | 0 | 2.00 | 3.75 |
| History - Other | 0 | 1 | 0 | 1 | 10 | 137 | 137.00 | 0 | 1 | 0.18 | 10.00 |
| Science - Biology | 0 | 1 | 0 | 0 | 10 | 97 | 97.00 | 0 | 0 | 2.28 | 2.22 |
| Science - Chemistry | 0 | 1 | 0 | 0 | 10 | 109 | 109.00 | 0 | 0 | 0.76 | 4.44 |
| History - European | 1 | 0 | 1 | 0 | 10 | 64 | 64.00 | 1 | 1 | 4.87 | 11.11 |
| History - Ancient | 0 | 1 | 0 | 0 | 10 | 102 | 102.00 | 0 | 0 | 4.06 | 4.00 |
| Auditory Arts | 0 | 0 | 2 | 0 | -10 | 0.00 | 0 | 0 | 0.00 | 0.00 |